X Jornades d'Arxivística de Catalunya
Descripción Física:
1 disc òptic (CD-ROM) ; 12 cm
Otros Autores:
TECNODOC
MARC
| LEADER | 00000nmm a2200000Ia 4500 | ||
|---|---|---|---|
| 001 | 18041 | ||
| 007 | co aa aaaaa | ||
| 008 | 160829s2005 xx 000 0 cat d | ||
| 080 | |a CD-1-24 | ||
| 111 | 2 | |a Jornades d'Arxivística de Catalunya |n (10es : |d 2005 : |c Terrassa, Catalunya) |9 55736 | |
| 245 | |a X Jornades d'Arxivística de Catalunya |h [Recurs electrònic] | ||
| 246 | 3 | 3 | |a Desenes Jornades d'Arxivística de Catalunya |
| 260 | |a Terrassa : |b TECNODOC, |c 2005 | ||
| 300 | |a 1 disc òptic (CD-ROM) ; |c 12 cm | ||
| 590 | |a En format PDF | ||
| 590 | |a Inclou actes, bibliografia, boletins oficials, fototeca, premsa, revistes. Text en català, castellà i francès | ||
| 650 | 0 | |a Arxivística |x Congressos |9 24826 | |
| 655 | 0 | |9 54985 |a CD-ROMs | |
| 700 | |a TECNODOC |9 24836 | ||
| 901 | |a Arxiu | ||
| 942 | |n 1 |2 udc | ||
| 952 | |0 0 |1 0 |4 0 |6 CD124 |7 1 |9 43334 |a Arxiu |b Arxiu |d 2016-12-01 |l 0 |o CD-1-24 |p 18041 |r 2016-12-01 00:00:00 |w 2016-12-01 |y ARXIU | ||
| 999 | |c 45879 |d 45879 | ||